1491 1560 1241 1855 1339 1749 1059 1646 1315 1449 1106 1423 1180 1975 1430 1483 1205 1851 1312 1929 1797 1620 1835 1196 1055 1858 1653 1270 1087 1866 1029 1439 1391 1682 1996 1356 1287 1648 1240 1272 1489 1457 1410 1976 1973 1014 1189 1236 1743 1285 1527 1530 1616 1936 1021 1151 1337 1653 1335 1244 1469 1308 1713 1239 1462 1193 1164 1802 1901 1637 1946 1433 1397 1030 1714 1039 1534 1841 1893 1702 1603 1343 1619 1548 1883 1442 1973 1111 1960 1101 1416 1856 1490 1195 1776 1737 1794 1146 1224 BCNSPRNW ULIB Ver.6.0+V

เปลี่ยนเป็นภาษาไทย

Change to English
 แสดงรายละเอียดบรรณานุกรม
  กลับหน้าหลัก

Brief Record : Get Marc (ISO 2709) : E-mail record : QR code < ปิดหน้าต่าง
LEADER : 00000nam 2200000uu 4500
001    13399121897
003     ULIB
008    120731s2552||||th 000 0 tha d
020    ^a9786110600552
090    ^aนว.^bม750ต 2552
100 0  ^aเมเปิ้ลสีขาว
245 00 ^aต่างรักตรงใจ /^cเมเปิ้ลสีขาว
250    ^aพิมพ์ครั้งที่ 1
260    ^aกรุงเทพฯ :^bแจ่มใส,^c2552
300    ^a443 หน้า
500    ชุดพิเศษ ความรู้สึกดี...ที่เรียกว่ารัก
710 1  ^aแจ่มใส
945    ^p269^l0^i15939
995    ^aกัณชพร
999    ^aใช้งานได้ทุกระบบ
รายการนี้ยังไม่มีแท็ก
คุณยังไม่ได้ล็อกอิน คุณสามารถมีกิจกรรมร่วมกับเว็บไซต์ได้ แต่ต้องล็อกอินก่อน ::
  ล็อกอิน

รายการสื่อสารสนเทศ

ลำดับที่ ประเภท เลขเรียก/บาร์โค้ด สถานที่ สถานะ
1. นวนิยาย
นวนิยาย
นว. ม750ต 2552 ฉ.1 
  Barcode: 15939
ห้องสมุดวิทยาเขตสวรรค์ประชารักษ์
►นวนิยาย
บนชั้น
  ขอยืม

รายการใกล้เคียง
    ผู้แต่ง [เมเปิ้ลสีขาว]

BibComment


ยังไม่เคยถูกคอมเมนท์

คอมเมนท์ทรัพยากรรายการนี้
  คอมเมนท์: ต่างรักตรงใจ เม..


 Copyright 2026. Bcnsprnw @Library